000 00616cab a2200205 4500
001 WB2849-61
008 090401t1992 xxu||||| |||| 00| 0 eng d
035 _a(Sirsi) u47191
041 _aeng
245 _aGrant for Olympic arena
260 _c1992
350 _a0
490 _aAction for Cities News Release
_v(822) 8 December 1992 (2)
520 _aThe largest grant made under the City Grant programme has been given £35.5m to Manchester`s Victoria Olympic arena.
650 _aOLYMPIC GAMES 2000
650 _aVECTOR INVESTMENTS LTD
690 _aURBAN RENEWAL
942 _n0
948 _c04/03/1997
999 _c29765
_d29765